000 01029nam a2200277 a 4500
001 000001748
005 20200929145703.0
008 090626s2007 cu 001 spa d
020 _a9789592602038
040 _aDO-SdBNP
082 _aCu860.5
_bA162
100 1 _aAbreu Arcia, Alberto,
_d1961-
_95685
245 1 4 _aLos juegos de la escritura o la (re)escritura de la historia /
_cAlberto Abreu Arcia.
246 1 3 _aLa rescritura de la historia
260 _aLa Habana :
_bCasa de las Américas,
_c2007.
300 _a387 p. ;
_c19 cm.
440 0 _aArte de nuestra América
_95686
586 _aPremio Casa de las Américas 2007, ensayo artístico-literario
504 _aIncluye referencias bibliográficas y notas al pie de las páginas
650 4 _aLiteratura cubana
_xHistoria y crítica
_95687
651 4 _aCuba
_xVida Intelectual
_95688
651 4 _aCuba
_xVida Cultura
_95689
650 4 _aEstilo literario
_95690
650 4 _aEnsayos cubanos
_95691
910 _aValidado. Control de calidad MMOLINA
999 9 9 _a1
_n0000078
_c1626
_d1626